000 00593nam a22002297a 4500
999 _c310519
_d310519
001 24252
003 UA-OsUOA
005 20191113160655.0
007 ta
008 20040211b un ||||| |||| 00| 0 ukr d
040 _aUA-OsUOA
_brus
_cUA-OsUOA
_dUA-OsUOA
041 _arus
044 _aRU
080 _a327
090 _a327
_bО-28
245 _aОбщественное сознание и внешняя политика США
_cред. Ю. А. Замошкин
260 _aМосква
_bНаука
_c1987
300 _a280 с.
650 7 _2UDC
942 _cBK
_2udc
955 _a0